000 00778cam a22002414a 4500
999 _c8210
_d8210
003 OSt
005 20200813130105.0
008 091104s2010 mnua bd s000 0ceng
010 _a 2009046763
020 _a9780816644636 (hc : alk. paper)
020 _a9780816644643 (pbk. : alk. paper)
040 _aDLC
_cDLC
043 _an-us-mn
050 0 0 _aNA730.M6
_bL38 2010
082 0 0 _a720.92/2776
_222
_bLAT
100 1 _aLathrop, Alan K.,
_d1940-
245 1 0 _aMinnesota architects :
_ba biographical dictionary /
_cAlan K. Lathrop.
260 _aMinneapolis :
_bUniversity of Minnesota Press,
_c2010.
300 _axiv, 233 p. :
_bill. ;
_c27 cm.
504 _aIncludes bibliographical references.
650 0 _aArchitects
_zMinnesota
_vBiography
_vDictionaries.
942 _2ddc